00868nam a2200217 a 450000100100000000500170001000800410002702000180006804000250008610000250011124500840013626000280022030000370024849000290028550400730031450400330038771000610042083000470048195201050052899900170063300004324620250909091242.0140303s2006 sp ad 000 0 spa d a9788483470763 aDO-SdBNPbspacBNPHU1 aRey, Germán97084710aIndustrias culturales, creatividad y desarrollo / Germán Rey /cGermán Rey. aMadrid :bAECID,c2006. a143 p. :bil., gráf. ;c23 cm.1 aCultura y Desarrollov10 aIncluye referencias bibliográficas y notas al pie de las páginas aBibliografía : p. 139 -1432 aAgencia Española de Cooperación Internacional934585 0aCultura y Desarrollo (España)v10970831 001050718MOaGRbGRcCTd2014-03-03iLF1l0o p43246-10r2020-06-25w2020-06-25y1ZNo se presta c42735d42735